000 00678nam a22002297a 4500
010 _aA-950253
020 _a8171770924
035 _aA-950253
037 _bCen Lib / Ret
040 _aDPL
_bEN
082 _a347.052
_bMIT
100 _aMitra, B. B.
245 _aThe Limitation Act, 1963 /
_cby B. B. Mitra [and] M. R. Mallick
250 _a20th ed
260 _aKolkata
_bEastern Law House
_c1998
270 _a54 Ganesh Chunder Avenue Kolkata
_bKolkata
_e700013
300 _a1292p
_b25cm(Hb)
650 _a Limitation of actions -- India.
650 _aLimitation of actions.
700 _aMallick, M. R.
942 _2ddc
_cEN
_h347.052
_mMAL
999 _c136824
_d136824